1050 1738 1343 1116 1581 1400 1641 1836 1335 1473 1878 1667 1504 1781 1570 1377 1232 1048 1664 1289 1994 1902 1331 1475 1013 1372 1542 1011 1439 1003 1236 1631 1495 1044 1845 1402 1022 1473 1040 1021 1896 1946 1433 1484 1750 1882 1868 1455 1192 1522 1834 1875 1228 1211 1295 1324 1625 1628 1227 1931 1599 1963 1325 1831 1919 1555 1276 1609 1778 1773 1051 1263 1366 1735 1003 1570 1478 1069 1952 1322 1251 1623 1307 1031 1051 1157 1902 1780 1311 1861 1181 1917 1965 1463 1886 1786 1662 1665 1640 BCNSPRNW ULIB Ver.6.0+V

เปลี่ยนเป็นภาษาไทย

Change to English
 แสดงรายละเอียดบรรณานุกรม
  กลับหน้าหลัก

Brief Record : Get Marc (ISO 2709) : E-mail record : QR code < ปิดหน้าต่าง
LEADER : 00000nam 2200000uu 4500
001    13399108557
003     ULIB
008    110308s2543||||th 000 0 tha d
020    9746637096
060  4 QV767^bม398ส ล.4
245 00 สารานุกรมสมุนไพร เล่ม 4 :กกยาอีสาน /^cบรรณาธิการ พร้อมจิต ศรลัมภ์ ... [และคนอื่นๆ]
250    พิมพ์ครั้งที่ 1
260    กรุงเทพฯ :^bมูลนิธิมหาวิทยาลัยมหิดล,^c2543
300    270 หน้า :^bภาพประกอบสี ;^c30 ซม.
440  0 สารานุกรมสมุนไพร ;^vล.4
500 มู ลนิธิมหาวิทยาลัยมหิดลจัดพิมพ์เพื่อถวายเป็นพระราชกุศลและร่วมเฉลิมฉลองในโอกาสพระราชพิธีมหามงคลเฉลิมพระชนมพรรษา 6 รอบ5 ธันวาคม 2542
650  7 พฤกษศาสตร์^zไทย (ภาคตะวันออกเฉียงเหนือ)
650  7 ยาแผนโบราณ^zไทย (ภาคตะวันออกเฉียงเหนือ)
650  7 สมุนไพร^zไทย (ภาคตะวันออกเฉียงเหนือ)
700 0  พร้อมจิต ศรลัมภ์,^eบรรณาธิการ
710 2  มหาวิทยาลัยมหิดล
710 2  มูลนิธิมหาวิทยาลัยมหิดล
945    ^p0^l0^i017950
945    ^p0^l0^i017951
945    ^p0^l0^i013795
995    ทศพร
999 ^a ใช้งานได้ทุกระบบ
รายการนี้ยังไม่มีแท็ก
คุณยังไม่ได้ล็อกอิน คุณสามารถมีกิจกรรมร่วมกับเว็บไซต์ได้ แต่ต้องล็อกอินก่อน ::
  ล็อกอิน

รายการสื่อสารสนเทศ

ลำดับที่ ประเภท เลขเรียก/บาร์โค้ด สถานที่ สถานะ
- ไม่พบข้อมูล -

BibComment


ยังไม่เคยถูกคอมเมนท์

คอมเมนท์ทรัพยากรรายการนี้
  คอมเมนท์: สารานุกรมสมุนไพร ..


 Copyright 2026. Bcnsprnw @Library